00279nam a2200085Ia 450000100070000000500170000700800410002424501020006526000260016767017420250826160802.0250824s9999 xx 000 0 und d 0aBaşıma Yıldırım Düştü! Olasılıkların İlginç DünyasıcJeffrey S. Rosenthal bTÜBİTAK YAYINLARI